000
00358nam a22001097a 4500
082
_b
323
100
_a
बी के सिन्हा
_9
83369
245
_a
सूचना का अधिकार मैन्युअल
260
_a
रायपुर
_b
राज लॉ पब्लिकेशन
_c
2025
650
_a
RTI
_9
83370
942
_c
C. BOOKS
999
_c
68256
_d
68256